| 000 | 00887nam a2200265 c 4500 | ||
|---|---|---|---|
| 003 | IT-RoINE | ||
| 005 | 20190412090647.0 | ||
| 008 | 190221s2018 sp a |r|||| 000 | spa d | ||
| 020 | _a9788494881053 | ||
| 040 |
_aSpMaBN _bspa _cSpMaBN IT-RoINE _erda _dIT-RoINE |
||
| 041 |
_aeng _aspa |
||
| 100 | 1 |
_aGandarias, Sofía, _d1951-2016 _958863 |
|
| 245 | 1 | 0 |
_aHomenaje a El Greco / _cSofía Gandarias. |
| 260 |
_a[Madrid] : _bFundación Yehudi Menuhin, _c2018. |
||
| 300 |
_a139 p. : _bil. ; _c31 cm. |
||
| 336 |
_aTexto _aImagen fija _2rdacontent |
||
| 337 |
_2rdamedia _aunmediated |
||
| 338 |
_2rdacarrier _avolume |
||
| 500 | _aEn la portada: Fundación Yehudi Menuhin, España; Legado Gandarías. | ||
| 500 | _aTexto a dos columnas. | ||
| 546 | _aTexto en inglés y español. | ||
| 600 | 0 | 4 |
_aEl Greco, _dca. 1541-1614 _95336 |
| 650 | 4 |
_aCelebridades _xRetratos _958864 |
|
| 942 | _cMTS | ||
| 999 |
_c30035 _d30035 |
||